00768nam a22001937a 4500003000200000005001700002008004100019050002200060100002400082245010700106260007200213300002900285500003900314504005800353650004300411650003500454650004500489650004000534020250204154455.0250204b xxu||||| |||| 00| 0 eng d aPZ 7.5b.G85 2024 aGuinto, Kathrin Mae aA story on filipino values presented to grade 1-2 students of divine light academycKathrin Mae Guinto aLas Pinas CitybSouthville International School and Collegescc2024 avii, 100 pages ;c28cm.  aBachelor of Arts in Communication. aIncludes bibliographical references and appendices.  aFilipino values—Juvenile literature. aMoral education—Philippines. aChildren's stories—Philippine culture. aElementary education—Philippines.